000 00965nam a2200289Ia 4500
001 1458
003 EWU MFN
008 110604s9999 xx 000 0 und d
020 _a0256027188
040 _aBD-DhEWU
041 _aENG
082 _a3658.302
_bTES 1982
100 1 _aTerry, George R.
245 1 0 _aSelf review in supervision
250 _aRevised ed.
260 _aIllinois :
_bLearning Systems,
_c1982
300 _axi, 141 :
_bill ;
_c25 cm
440 _aIrwin Programming Learning Aid
504 _aIncludes index.
653 1 _aManagment
653 1 _aPersonnel Management Supervisors Supervision
700 _aHermanson, Roger H.
700 _aRue, Leslie W.
942 _cTEXT
_2ddc
952 _p1458-3422
_40
_eKarim International
_00
_bEWU
_10
_o3658.302 TES
_d1998-04-16
_t0
_70
_cEWU
_2ddc
_g0.00
_yTEXT
_aEWU
999 _c1417
_d1417